000 00840nam a2200241Ia 4500
003 OSt
005 20220926012546.0
006 a|||||r|||| 00| 0
007 ta
008 220923b |||||||| |||| 00| 0 eng d
020 _a9781571816627
_c1344.8699999999999
037 _b30905, 24/12/2010, Segment Book Distrobutors
_cGeneral Book
040 _aRTL
_cRTL
_beng
041 _2eng
_aeng
082 _aYxM72, P6
100 _aMauss Marcel
_919980
245 0 _aTechniques, technology and civilisation. Edited by Nathan Schlanger
260 _aNew York
_bDurkheim Press
_c2006
300 _axiv, 177p Bibliography: P 167-72
_ccm.
650 _aEuropean Studies Programme Sociology
_9233384
942 _hYxM72, P6
_cGB
_2CC
999 _c623549
_d623549